| 000 | 00755nam a22002055i 4500 | ||
|---|---|---|---|
| 001 | 152087 | ||
| 003 | ES-MaACL | ||
| 005 | 20230906204528.0 | ||
| 008 | 010117s1866 be |||| | fre d | ||
| 040 |
_aAN _bspa _cAN |
||
| 130 | 0 |
_aBiblia. _lFrancés. _9119283 |
|
| 245 | 1 | 3 |
_aLa sainte bible _b: qui contient le vieux et le nouveau testament / _crevue sur les originaux par David Martin ; avec des paralleles. |
| 260 |
_aBruxelles : _bau dépot de la Société Biblique Britannique et Étrangère, _c1866 ( _fImprimerie de J.B. Schilders) |
||
| 300 |
_a[4], 1331 p. ; _c28 cm. |
||
| 597 | _aAntep. | ||
| 597 | _aTexto a dos col. | ||
| 700 | 0 |
_aMartin, David. _977281 |
|
| 852 |
_aES-MaACL _jG-10614 _z-- Enc. piel grab. con hierros |
||
| 999 |
_c152087 _d152087 |
||